000 00764nam a22002417a 4500
003 OSt
005 20251002032858.0
008 251002b |||||||| |||| 00| 0 eng d
020 _a978-0-85369-658-2.
040 _aDWCL-Admin lib
_cOC
082 _aCirc. 615.6 Au937p 2007
100 _aAustin, Peter David
245 _aPrescribing adult intravenous nutrition
_cPeter David Austin
260 _aLondon :
_bPharmaceutical Press,
_cc2007.
300 _axx, 300 p. : ill. ;
_c24 cm.
504 _aIncludes bibliographical references and index.
650 _a1. Adult.
650 _a2. Intravenous catherization.
650 _a3. Parenteral feeding.
650 _a4. Parenteral nutrition-Methods.
700 _aStroud, Mike
942 _2ddc
_cBK-CIRC
_kCirc.
_n0
999 _c4629
_d4629